000 00446nam a2200169Ia 4500
001 23392
003 IN-NITTTR
005 20251114233302.0
008 251113s9999||||xx |||||||||||||| ||eng||
040 _beng
040 _cIN-NITTTR
041 _aeng
082 _a670 D26F
100 _aDas, Ashok
245 0 _aFlexibility in manufacturing and measurement of routing flexibility in an engineering industry. /
_cDas, Ashok
942 _2ddc
_cBK
999 _c26021
_d26021